The immortal tales/ (Record no. 152978)

MARC details
000 -LEADER
fixed length control field 00529nam a22001817a 4500
005 - DATE AND TIME OF LATEST TRANSACTION
control field 20180622143046.0
010 ## - LCCN (DPL NO)
LC control number ENG-123296
020 ## - INTERNATIONAL STANDARD BOOK NUMBER
Terms of availability 120.00
International Standard Book Number 9788182650152
035 ## - SYSTEM CONTROL NUMBER
System control number EN-106828
037 ## - SOURCE OF ACQUISITION
Source of stock number/acquisition DBAD/PUB
082 ## - DEWEY DECIMAL CLASSIFICATION NUMBER
Classification number S
100 ## - MAIN ENTRY--PERSONAL NAME
Personal name Bhattacharya, A. D.
245 ## - TITLE STATEMENT
Title The immortal tales/
Statement of responsibility, etc by A. D. Bhattacharya
260 ## - PUBLICATION, DISTRIBUTION, ETC. (IMPRINT)
Place of publication, distribution, etc New Delhi
Name of publisher, distributor, etc Srikunj Sadhavana Manch Published
Date of publication, distribution, etc 2010
270 ## - ADDRESS
Address F-52, Bali Nagar Ramesh Nagar Metro Station
City New Delhi
Postal code 110015
300 ## - PHYSICAL DESCRIPTION
Extent 131p.
Dimensions 20cm(pbk)
942 ## - ADDED ENTRY ELEMENTS (KOHA)
Source of classification or shelving scheme Dewey Decimal Classification
Item type English Books
Call number suffix BHA
Classification part S
Holdings
Withdrawn status Lost status Not for loan Collection code Home library Current library Date acquired Source of acquisition Cost, normal purchase price Full call number Barcode Copy number Cost, replacement price Koha item type
    Not For Loan Non-fiction D.B.Act.Division Sarojini Nagar 22/06/2018 DBAD/PUB 120.00 S BHA EN-106828 1 120.00 English Books

© Delhi Public Library
Hit Counter
free hit counter